| 000 | 00741nam a22002292i 4500 | ||
|---|---|---|---|
| 001 | 167965 | ||
| 003 | ES-MaACL | ||
| 005 | 20250802062553.0 | ||
| 008 | 951005s1859 gw |||| | ger d | ||
| 040 |
_aCAT _bspa _cCAT _dCCPB |
||
| 080 | _a869.0.09 | ||
| 080 | _a860.09 | ||
| 100 | 1 |
_aWolf, Ferdinand Joseph, _d1796-1866 _9133954 |
|
| 245 | 1 | 0 |
_aStudien zur Geschichte der spanischen und portugiesischen Nationalliteratur / _cvon Ferdinand Wolf. |
| 260 |
_aBerlin : _bA. Asher & Co, _c1859. |
||
| 300 |
_a[4], 747 p. ; _c20 cm. |
||
| 504 | _aÍndice. | ||
| 650 | 0 | 7 |
_aLiteratura española _2embne _914539 |
| 650 | 4 |
_aLiteratura portuguesa. _9136431 |
|
| 852 |
_aES-MaACL _jG-2807 _z-- Enc. hol. |
||
| 999 |
_c167965 _d167965 |
||